000 01218nam a2200205 a 4500
008 200311s1998 ag ||||gr|||| 001 f spa d
020 _a844940925
041 _aspa
092 _c808
_l28
_sGAR
100 1 _aGarcía Lorca, Federico.
_94133
245 _aBodas de sangre /
_cFederico García Lorca.
250 _a1a ed.
_bPrólogo Luis Martinez Cuitiño.
260 _aBuenos Aires:
_bLosada;
_c1998.
300 _a125 p.
500 _aGarcía Lorca, F. (1998). Bodas de sangre. (1a ed.). Barcelona : Losada.
505 _aBodas de sangre de Federico Garcia Lorca (1899-1936), constituye, junto a Yerma y La casa de Bernarda Alba, una trìlogia tràgica centrada en la vida de la mujer y su posiciòn en una sociedad rural que todavìa vive bajo la fuerza de la traiciòn y donde las pasiones pueden destruir la vida de los protagonistas.Bodas de sangre es un claro ejemplo de ello. Los malos presagios que vive la madre de la novia,muertos, su marido y su hijo por la violencia de los hombres, caeràn sobre el matrimonio de su hija. Pasiòn, venganza y muerte tiñen estas Bodas de sangre.
590 _aProyecto 4to libro. Donación Pardo Paula. Marzo 2020.
655 _aLiteratura
_92917
942 _2ddc
_cLIT
999 _c3085
_d3085